Statistics for Sweden Decoder

Click here to take the quiz!

General Stats

  • This quiz has been taken 61 times
  • The average score is 13 of 20

Answer Stats

HintAnswer% Correct
IFamous furniture retailerIKEA
96%
NSweden's position during WWIINeutral
96%
NDynamite inventor
and Peace Prize namesake
Nobel
95%
TGod for whom Thursday is namedThor
91%
ESong contest won by ABBA in 1974Eurovision
84%
TThe Girl With the Dragon ______Tattoo
84%
HType of fish that is
commonly pickled
Herring
73%
OGod for whom Wednesday is namedOdin
71%
OBridge that connects Malmö
to Copenhagen
Öresund
67%
AMost famous vodka brandAbsolut
67%
FTerritory lost in 1809Finland
62%
UFourth-biggest cityUppsala
62%
CCurrent monarchCarl
62%
HLargest clothing companyH&M
62%
EMost famous mobile companyEricsson
56%
ENational animalElk
56%
ULargest city in northern SwedenUmeå
55%
RSinger of "Dancing On My Own"Robyn
36%
QuoteThou ancient, thou free
22%
TLongest riverTorne
18%

Score Distribution

Percentile by Number Answered

Percent of People with Each Score

Your Score History

You have not taken this quiz